Essays on growth and form presented to D'Arcy Wentworth Thompson /

Bibliographic Details
Other Authors: Clark, Wilfrid E. Le Gros (Wilfrid Edward Le Gros), 1895-1971, Medawar, P. B. (Peter Brian), 1915-1987
Format: Book
Language:English
Published: Oxford : Clarendon Press, 1945.
Subjects:

MARC

Tag First Indicator Second Indicator Subfields
LEADER 00000cam a2200000 4500
001 in00000044324
005 20151007071103.0
008 750416s1945 enkacf b 00000 eng u
010 |a a 46000404  
035 |a (OCoLC)01282321 
035 |9 AAE5286AM 
040 |c ZPM  |d TXA  |d UtOrBLW 
049 |a TXAM  |c [135980] 
090 |a QH311  |b .E88x 
092 |a 574.04  |b E78g 
245 0 0 |a Essays on growth and form presented to D'Arcy Wentworth Thompson /  |c Edited by W.E. Le Gros Clark and P.B. Medawar. 
264 1 |a Oxford :  |b Clarendon Press,  |c 1945. 
300 |a viii, 408 p.incl. illustrations, tables, diagrams :  |b frontispiece (portrait) plates. ;  |c 24cm. 
336 |a text  |b txt  |2 rdacontent 
337 |a unmediated  |b n  |2 rdamedia 
338 |a volume  |b nc  |2 rdacarrier 
504 |a "References" at end of each chapter. 
505 0 |a Deformation patterns in the cerebral cortex, by W.E.L. Clark.--Growth and form in an insect, by V.B. Wigglesworth.--The history of the shape of a nerve-fibre, by J.Z. Young.--On biological transformations, by J.H. Woodger.--Some problems in the study of allometric growth, by E.C.R. Reeve and J.S. Huxley.--Size, shape, and age, by P.B. Medawar.--The analysis of growing form, by O.W. Richards and A.J. Kavanagh.--Size and organization in the development of ascidians, by N.J. Berrill.--Growth and form in tissue cultures, by E.N. Willmer.--Some reflections on the forms of simpler cells, by J.F. Danielli.--The forms of biological molecules, by W.T. Astbury.--Population analysis as a chapter in the mathematical theory of evolution, by A.J. Lotka.--A list of the published writings of D'Arcy Wentworth Thompson, by G.H. Bushnell. 
600 1 0 |a Thompson, D'Arcy Wentworth,  |d 1860-1948. 
650 0 |a Growth. 
700 1 |a Clark, Wilfrid E. Le Gros  |q (Wilfrid Edward Le Gros),  |d 1895-1971. 
700 1 |a Medawar, P. B.  |q (Peter Brian),  |d 1915-1987. 
999 |a MARS 
999 f f |s c47bfca3-db07-3b05-b053-317073f3b654  |i 6eeda377-bb48-3b23-9906-55791e33947c  |t 0 
952 f f |p normal  |a Texas A&M University  |b College Station  |c Sterling C. Evans Library  |d Evans: Library Stacks  |t 0  |e QH311 .E88x  |h Library of Congress classification  |i unmediated -- volume  |m A14800971957 
998 f f |a QH311 .E88x  |t 0  |l Evans: Library Stacks